00370nam a2200145Ia 4500008004100000020001500041041001200056082001600068100001800084245006500102250000800167260002500175300000800200650001600208221030s9999 xx 000 0 und d a0071004726 aEnglish a105.23bHar aS. Harrington 0aComputer Graphics : A Programming Approachcby S. Harrington a2nd bTMHaNew Delhic1987 a466 aBE Computer